Communes de Luxembourg sur une carte - Statistiques

Statistiques générales
  • Ce quiz a été pris 2 306 fois
    931 depuis la dernière actualisation
  • Le résultat moyen est 26 sur 100
Réponses sur la Carte
Les réponses sont colorées sur une échelle allant du rouge au vert en fonction du pourcentage des utilisateurs qui les ont devinées à leur premier essai. Vous pouvez retrouver ces pourcentages ci-dessous.
 
Statistiques - réponses
Canton Commune % Correct
Luxembourg Luxembourg
97%
Esch-sur-Alzette Esch-sur-Alzette
67%
Wiltz Esch-sur-Sûre
67%
Esch-sur-Alzette Dudelange
50%
Esch-sur-Alzette Differdange
45%
Diekirch Diekirch
39%
Remich Schengen
38%
Clervaux Clervaux
37%
Esch-sur-Alzette Pétange
37%
Vianden Vianden
36%
Wiltz Wiltz
36%
Esch-sur-Alzette Bettembourg
35%
Mersch Mersch
34%
Diekirch Ettelbruck
33%
Capellen Mamer
33%
Echternach Echternach
32%
Remich Remich
32%
Mersch Colmar-Berg
32%
Remich Mondorf-les-Bains
32%
Clervaux Troisvierges
32%
Luxembourg Bertrange
31%
Grevenmacher Grevenmacher
30%
Luxembourg Strassen
30%
Luxembourg Hesperange
29%
Redange Redange-sur-Attert
28%
Esch-sur-Alzette Rumelange
27%
Esch-sur-Alzette Schifflange
27%
Esch-sur-Alzette Frisange
26%
Esch-sur-Alzette Kayl
26%
Capellen Steinfort
26%
Luxembourg Walferdange
26%
Mersch Bissen
25%
Esch-sur-Alzette Leudelange
25%
Grevenmacher Junglinster
24%
Mersch Larochette
24%
Esch-sur-Alzette Mondercange
24%
Esch-sur-Alzette Sanem
24%
Echternach Beaufort
23%
Luxembourg Contern
23%
Capellen Dippach
23%
Capellen Käerjeng
23%
Capellen Kehlen
23%
Wiltz Lac de la Haute-Sûre
23%
Luxembourg Niederanven
23%
Luxembourg Sandweiler
23%
Clervaux Weiswampach
23%
Diekirch Bourscheid
22%
Remich Bous-Waldbredimus
22%
Redange Ell
22%
Capellen Kopstal
22%
Mersch Lorentzweiler
22%
Grevenmacher Mertert
22%
Clervaux Parc Hosingen
22%
Redange Rambrouch
22%
Esch-sur-Alzette Roeser
22%
Echternach Rosport-Mompach
22%
Luxembourg Steinsel
22%
Clervaux Wincrange
22%
Grevenmacher Wormeldange
22%
Echternach Bech
21%
Redange Beckerich
21%
Echternach Berdorf
21%
Wiltz Boulaide
21%
Echternach Consdorf
21%
Capellen Garnich
21%
Mersch Lintgen
21%
Esch-sur-Alzette Reckange-sur-Mess
21%
Redange Saeul
21%
Luxembourg Schuttrange
21%
Redange Useldange
21%
Luxembourg Weiler-la-Tour
21%
Diekirch Bettendorf
20%
Grevenmacher Betzdorf
20%
Remich Dalheim
20%
Diekirch Erpeldange-sur-Sûre
20%
Diekirch Feulen
20%
Mersch Fischbach
20%
Redange Groussbus-Wal
20%
Capellen Koerich
20%
Diekirch Mertzig
20%
Remich Stadtbredimus
20%
Redange Vichten
20%
Echternach Waldbillig
20%
Grevenmacher Biwer
19%
Grevenmacher Flaxweiler
19%
Wiltz Goesdorf
19%
Capellen Habscht
19%
Wiltz Kiischpelt
19%
Grevenmacher Manternach
19%
Mersch Nommern
19%
Redange Préizerdaul
19%
Diekirch Reisdorf
19%
Diekirch Schieren
19%
Vianden Tandel
19%
Wiltz Winseler
19%
Mersch Heffingen
18%
Mersch Helperknapp
18%
Remich Lenningen
18%
Vianden Putscheid
18%
Diekirch Vallée de l'Ernz
18%
Aucun quiz correspondant
Distribution des résultats
% des personnes avec chaque résultat
Percentile par nombre de réponses
Votre historique - résultats
Vous n’avez pas pris ce quiz depuis la dernière actualisation